Вып. 3 (41); Сборник научных трудов НГТУ

Bibliographische Detailangaben
Parent link:Сборник научных трудов НГТУ/ Новосибирский государственный технический университет (НГТУ). Вып. 3 (41).— , 1995-
Sprache:Russisch
Veröffentlicht: 2005
Schlagworte:
Format: Buch
KOHA link:https://koha.lib.tpu.ru/cgi-bin/koha/opac-detail.pl?biblionumber=88491

MARC

LEADER 00000nam2a2200000 4500
001 88491
005 20231031102646.0
010 |a 5778205538 
035 |a (RuTPU)RU\TPU\book\94975 
090 |a 88491 
100 |a 20051226d2005 k y0rusy50 ca 
101 0 |a rus 
102 |a RU 
105 |a a z 001zy 
200 0 |a Вып. 3 (41) 
210 |d 2005 
215 |a 152 с.  |c ил. 
320 |a Библиография в конце статей 
461 1 |0 (RuTPU)RU\TPU\book\1884  |t Сборник научных трудов НГТУ  |f Новосибирский государственный технический университет (НГТУ)  |v Вып. 3 (41)  |d 1995- 
610 1 |a автоматика 
610 1 |a автоматическое управление 
610 1 |a идентификация 
610 1 |a регрессионные модели 
610 1 |a тензорезисторы 
610 1 |a оптическая томография 
610 1 |a замыкания на землю 
610 1 |a защита 
610 1 |a резистивное заземление 
610 1 |a экономика 
610 1 |a социология 
610 1 |a сети Петри 
675 |a 681.51  |v 3 
801 1 |a RU  |b 63413507  |c 20051226  |g PSBO 
801 2 |a RU  |b 63413507  |c 20130403  |g PSBO 
942 |c BK